Fruits - Sudden Death - Statistics

General Stats
  • This quiz has been taken 1,011 times
  • The average score is 9 of 16
Answers on the Grid
Answers color-coded by a green-red scale on the quiz's grid according to % correct below.
Apple
Artichoke
Banana
Beetroot
Blueberry
Cardoon
Chayote
Cherry
Cranberry
Cucumber
Durian
Gooseberry
Jackfruit
Juniper berry
Kohlrabi
Lemon
Lettuce
Lychee
Mangosteen
Papaya
Peach
Pear
Pomelo
Potato
Pumpkin
Squash
Strawberry
Yam
 
Answer Stats
Answer % Correct
Peach
72%
Apple
70%
Cherry
70%
Pear
69%
Banana
67%
Cranberry
66%
Strawberry
65%
Blueberry
63%
Lemon
63%
Papaya
63%
Lychee
58%
Jackfruit
49%
Durian
48%
Gooseberry
44%
Pomelo
36%
Mangosteen
23%
No matching quizzes found
Score Distribution
Percent of People with Each Score
Percentile by Number Answered
Your Score History
You have not taken this quiz